000 00857nam a22001935i 4500
001 158475
003 ES-MaACL
005 20250717090743.0
008 020913s1867 sp |||| | spa d
040 _aCCPB | B
_bspa
_cCCPB | B
100 1 _aMaestre de San Juan, Aureliano.
_9129331
245 1 0 _aPreparaciones anatómicas presentadas en la Exposición Universal de París de 1867
_b: reseña y análisis /
_cpor Aureliano Maestre-de San Juan.
260 _aGranada :
_b[s.n.],
_c1867 (
_fImprenta de D.F. Ventura y Sabatel)
300 _a24 p. ;
_c19 cm.
650 7 _aAnatomía
_2embne
_99800
852 _aES-MaACL
_jT-370-F-17
_z-- Enc. hol.
_z-- Ex-libris ms. de Gustavo Saenz Díez
_q-- Falto de la cub. original
_z-- Enc. en un vol. facticio
852 _aES-MaACL
_jT-368-F-6
_z.- Sello de: "Los Escolares Médicos"
999 _c158475
_d158475